Top 10 najbardziej wartościowych piłkarzy na świecie - Statystyki

Ogólne statystyki
  • Ten quiz został rozwiązany 5 215 razy
  • Średni wynik to 4 z 10
Statystyki odpowiedzi
Wartość Piłkarz % Poprawnych
200 mln Kylian Mbappe
89%
140 mln Lionel Messi
88%
160 mln Neymar
72%
150 mln Mohamed Salah'
33%
150 mln Harry Kane
29%
150 mln Kevin De Bruyne
24%
150 mln Sadio Mane
22%
160 mln Raheem Sterling
12%
130 mln Jadon Sancho
8%
120 mln Antoine Griezmann
7%
Nie znaleziono quizów pasujących do podanych kryteriów
Rozkład punktacji
Procent ludzi z każdym wynikiem
Percentyl według liczby udzielonych odpowiedzi
Twoja historia wyników
Nie rozwiązałeś tego quizu